000 00496nam a2200193Ia 4500
005 20250507130443.0
008 008 250505s9999 xx 000 0 jpn d
020 _a9784883197644
037 _aTEXL
040 _aEASL
_beng
_cEASL
041 _ajpn
_2eng
084 _qEASL
100 _aTeshiro Hitomi
_9755391
245 0 _aNew Complete Master Reading:JLPT N4
260 _aJapan
_bTokyo 3A Corporation Japan
_c2018
300 _a151pg
942 _cREF
999 _c1320271
_d1320271